000 00813nam a2200205 i 4500
001 14450
003 ES-MaACL
005 20230906150821.0
007 t|
008 990315s1997 sp ||||1| spa d
080 _a903(468.17 Ardales)
100 1 _aCantalejo Duarte, Pedro.
_934621
245 1 0 _aCueva de Ardales
_b: guía del legado histórico y social : 175º Aniversario del descubrimiento (1821-1996) /
_cPedro Cantalejo Duarte, María del Mar Espejo Herrerías, José Ramos Muñoz.
260 _aArdales :
_bMuseo Municipal,
_c1997.
300 _a108 p. :
_bil. ;
_c24 cm.
651 4 _aCueva de Ardales (Málaga)-
_xRestos arqueológicos prehistóricos.
_98124
700 1 _aEspejo Herrerías, María del Mar.
_947801
700 1 _aRamos Muñoz, José.
_995341
852 _aES-MaACL
_jL-21662
_bR.126970
999 _c14450
_d14450